Networks and systems (Record no. 132197)

000 -LEADER
fixed length control field 00327nam a2200133Ia 4500
008 - FIXED-LENGTH DATA ELEMENTS--GENERAL INFORMATION
fixed length control field 220120s9999||||xx |||||||||||||| ||und||
020 ## - INTERNATIONAL STANDARD BOOK NUMBER
International Standard Book Number 81-7286-585-6
082 ## - DEWEY DECIMAL CLASSIFICATION NUMBER
Classification number 621.3851 CHO
100 ## - MAIN ENTRY--PERSONAL NAME
Personal name Choudhury, D. Roy
245 #0 - TITLE STATEMENT
Title Networks and systems
260 ## - PUBLICATION, DISTRIBUTION, ETC.
Name of publisher, distributor, etc. New Delhi
Date of publication, distribution, etc. 2005
300 ## - PHYSICAL DESCRIPTION
Extent 588p.
Other physical details 260
650 ## - SUBJECT ADDED ENTRY--TOPICAL TERM
Topical term or geographic name entry element MATHEMATICS
Holdings
Withdrawn status Lost status Source of classification or shelving scheme Damaged status Not for loan Collection code Home library Current library Shelving location Date acquired Total Checkouts Barcode Date last seen Date last checked out Price effective from Koha item type
          Electronics and Communication Engineering Central Library Central Library Book Cart 01/20/2022 1 SC254 01/20/2022 01/20/2022 01/20/2022 Scheduled Caste Book Bank

Powered by Koha